Statistika : (Record no. 6411)
[ view plain ]
| 000 -LEADER | |
|---|---|
| fixed length control field | nas a22 7i 4500 |
| 001 - CONTROL NUMBER | |
| control field | 7537 |
| 003 - CONTROL NUMBER IDENTIFIER | |
| control field | OSt |
| 005 - DATE AND TIME OF LATEST TRANSACTION | |
| control field | 20170816182214.0 |
| 007 - PHYSICAL DESCRIPTION FIXED FIELD--GENERAL INFORMATION | |
| fixed length control field | tu |
| 008 - FIXED-LENGTH DATA ELEMENTS--GENERAL INFORMATION | |
| fixed length control field | 161220c19649999xxu||||| |||| 00| 0 d |
| 022 ## - INTERNATIONAL STANDARD SERIAL NUMBER | |
| Source | 0322-788X |
| 024 7# - OTHER STANDARD IDENTIFIER | |
| Standard number or code | 7537 |
| Source of number or code | RID |
| 024 7# - OTHER STANDARD IDENTIFIER | |
| Standard number or code | 7537 |
| Source of number or code | RSN (alt) |
| 040 ## - CATALOGING SOURCE | |
| Transcribing agency | OSt |
| 041 ## - LANGUAGE CODE | |
| Language code of text/sound track or separate title | eng |
| -- | cze |
| 245 ## - TITLE STATEMENT | |
| Title | Statistika : |
| Remainder of title | statistics and economy journal |
| 246 1# - VARYING FORM OF TITLE | |
| Display text | Zusatz bis 2010 |
| Remainder of title | ekonomicko-statistický časopis |
| 246 1# - VARYING FORM OF TITLE | |
| Display text | Zusatz bis 2012 |
| Remainder of title | journal of official statistics |
| 260 ## - PUBLICATION, DISTRIBUTION, ETC. | |
| Place of publication, distribution, etc. | Prag. |
| 710 2# - ADDED ENTRY--CORPORATE NAME | |
| Corporate name or jurisdiction name as entry element | Czech Statistical Office |
| 866 ## - TEXTUAL HOLDINGS--BASIC BIBLIOGRAPHIC UNIT | |
| Textual string | 2001- |
| 942 ## - ADDED ENTRY ELEMENTS (KOHA) | |
| Koha item type | Journal |
| Withdrawn status | Lost status | Damaged status | Not for loan | Home library | Current library | Shelving location | Date acquired | Serial Enumeration / chronology | Inventory number | Total Checkouts | Barcode | Date last seen | Price effective from | Koha item type |
|---|---|---|---|---|---|---|---|---|---|---|---|---|---|---|
| WIIW | WIIW | Library | 04/09/2015 | 95.2015,1 | 7537 | 10006144 | 01/26/2017 | 01/26/2017 | Journal | |||||
| WIIW | WIIW | Library | 04/09/2015 | 95.2015,2 | 7537 | 10006248 | 01/26/2017 | 01/26/2017 | Journal | |||||
| WIIW | WIIW | Library | 11/03/2015 | 95.2015,3 | 7537 | 10006270 | 01/26/2017 | 01/26/2017 | Journal | |||||
| WIIW | WIIW | Library | 02/05/2016 | 95.2015,4 | 7537 | 10006271 | 01/26/2017 | 01/26/2017 | Journal | |||||
| WIIW | WIIW | Library | 04/15/2016 | 96.2016,1 | 7537 | 10006319 | 01/26/2017 | 01/26/2017 | Journal |
